| 000 | 00898nam a2200253 a 4500 | ||
|---|---|---|---|
| 001 | 42183 | ||
| 003 | BD-RjUL | ||
| 005 | 20211209053514.0 | ||
| 008 | 160611s19631962xx 001 0 eng d | ||
| 035 | _a(BD-RjUL)42301 | ||
| 035 | _a737714 | ||
| 040 |
_aVCAV _beng _cVCAV _dNNCU:A _dBD-RjUL |
||
| 041 | _aeng | ||
| 082 | 0 | 4 |
_a338.9173059 _223 _bMOP 1963 |
| 100 | 1 |
_aMontgomery, John D. _q(John Dickey), _d1920- _9129732 |
|
| 245 | 1 | 4 |
_aThe politics of foreign aid : _bAmerican experience in Southeast Asia / _cJohn D. Montgomery |
| 260 |
_aNew York : _bPublished for the Council on Foreign Relations by Praeger, _cc1962 [printing 1963]. |
||
| 300 |
_a336 p. ; _c21 cm. |
||
| 504 | _aIncludes bibliography and index | ||
| 650 | 0 |
_aEconomic assistance, American. _9125271 |
|
| 650 | 0 |
_aEconomic assistance, American _zSoutheast Asia. _9129734 |
|
| 942 |
_2ddc _cBK |
||
| 999 |
_c42183 _d42183 |
||